Statistiche per Elenca la formazione - Quiz n°189

Clicka qui per fare il quiz!

Statistiche generali

  • Questo quiz è stato fatto 20 volte
  • Il punteggio medio è 9 su 11

Statistiche sulle risposte

RuoloNazioneCalciatore% Corretto
AttaccanteSveziaZlatan Ibrahimović
100%
DifensoreItaliaAlessandro Nesta
95%
PortiereItaliaChristian Abbiati
95%
CentrocampistaPaesi BassiClarence Seedorf
90%
AttaccanteBrasileRobinho
90%
DifensoreItaliaGianluca Zambrotta
80%
DifensoreItaliaIgnazio Abate
80%
DifensoreBrasileThiago Silva
80%
CentrocampistaGhanaKevin-Prince Boateng
75%
CentrocampistaItaliaGennaro Gattuso
70%
CentrocampistaPaesi BassiMark van Bommel
65%

Distribuzione punteggi

Percentile per numero di risposta

Percentuale di utenti per punteggio

I tuoi punteggi nel tempo

Non hai fatto questo quiz